Los infantes de Aragón / (Record no. 175105)
[ view plain ]
| 000 -LEADER | |
|---|---|
| campo de control de longitud fija | 00896nam a22002415i 4500 |
| 001 - NÚMERO DE CONTROL | |
| campo de control | 175105 |
| 003 - IDENTIFICADOR DE NÚMERO DE CONTROL | |
| campo de control | ES-MaACL |
| 005 - FECHA Y HORA DE LA ÚLTIMA TRANSACCIÓN | |
| campo de control | 20250815103926.0 |
| 008 - DATOS DE LONGITUD FIJA--INFORMACIÓN GENERAL | |
| campo de control de longitud fija | 101006s1952 sp f |||| | spa d |
| 080 ## - NÚMERO DE LA CLASIFICACIÓN DECIMAL UNIVERSAL | |
| Número de la Clasificación Decimal Universal | 929.731(460.22)"14" |
| 080 ## - NÚMERO DE LA CLASIFICACIÓN DECIMAL UNIVERSAL | |
| Número de la Clasificación Decimal Universal | 94(460.18)"1406/54" |
| 100 0# - ENTRADA PRINCIPAL--NOMBRE DE PERSONA | |
| Nombre de persona | Benito Ruano, Eloy. |
| 9 (RLIN) | 27689 |
| 245 10 - MENCIÓN DEL TÍTULO | |
| Título | Los infantes de Aragón / |
| Mención de responsabilidad, etc. | por Eloy Benito Ruano. |
| 260 ## - PUBLICACIÓN, DISTRIBUCIÓN, ETC. | |
| Lugar de publicación, distribución, etc. | [Madrid] : |
| Nombre del editor, distribuidor, etc. | Escuela de Estudios Medievales, |
| Fecha de publicación, distribución, etc. | 1952. |
| 300 ## - DESCRIPCIÓN FÍSICA | |
| Extensión | 112 p., [1] h. de lám. en bl. y n. ; |
| Dimensiones | 26 cm. |
| 490 1# - MENCIÓN DE SERIE | |
| Mención de serie | Monografías de ciencia moderna ; |
| Designación de volumen o secuencia | 34 |
| 651 07 - PUNTO DE ACCESO ADICIONAL DE MATERIA--NOMBRE GEOGRÁFICO | |
| Nombre geográfico | Aragón (Reino)- |
| Subdivisión general | Reyes y soberanos. |
| 9 (RLIN) | 7794 |
| 651 #4 - PUNTO DE ACCESO ADICIONAL DE MATERIA--NOMBRE GEOGRÁFICO | |
| Nombre geográfico | Castilla (Reino)- |
| Subdivisión general | Historia- |
| Subdivisión cronológica | 1406-1454, Juan II |
| 9 (RLIN) | 7995 |
| 710 2# - ENTRADA AGREGADA--NOMBRE DE ENTIDAD CORPORATIVA | |
| Nombre de entidad corporativa o nombre de jurisdicción como elemento de entrada | Escuela de Estudios Medievales (España) |
| 9 (RLIN) | 170983 |
| 830 0# - PUNTO DE ACCESO ADICIONAL DE SERIE-TÍTULO UNIFORME | |
| Título uniforme | Monografías de ciencia moderna |
| Designación de volumen o secuencia | 34 |
| 9 (RLIN) | 189470 |
| 852 ## - LOCALIZACIÓN | |
| Ubicación | ES-MaACL |
| Número de control de estantería | E-13299 |
| Encuadernación | Olim P-555 bis |
| Estatus retirado | Estado de pérdida | Estado de daño | No para préstamo | Biblioteca de origen | Biblioteca actual | Ubicación en estantería | Fecha de adquisición | Fuente de adquisición | Total de préstamos | Signatura topográfica completa | Código de barras | Visto por última vez | Precio de reemplazo | Tipo de ítem Koha |
|---|---|---|---|---|---|---|---|---|---|---|---|---|---|---|
| Biblioteca del Ateneo de Madrid | Biblioteca del Ateneo de Madrid | Depósito 2 | 06/10/2010 | E-13299 | 1183864 | 23/02/2023 | 23/02/2023 | Libro impreso |
